00606nam a2200145 a 450000100100000000500170001000800410002711100870006824500160015526000750017130000200024695201640026699900170043004000130044700003060720200930062415.0110524s1956 dr 000 0 spa d2 aFeria de la Paz y Confraternidad del Mundo Libred(1956:cCiudad Trujillo )95720010aReglamento. aCiudad Trujillo, República Dominicana :bEditora del Caribe.,c1956. a54 p. ;c23 cm. 0010718PDaPDbPDcCTd2011-05-24iLF1l0o p30607-10r2020-06-25w2020-06-25yLFPDzPerteneció a la biblioteca personal de Martínez Boog.ZNo se presta c30099d30099 aDO-SdBNP